Assessement of nitrogen utilization from urea applied in rubber seeding nursery using 15N tracer technique (Record no. 54522)

MARC details
000 -LEADER
fixed length control field 01434nam a2200205Ia 4500
100 ## - MAIN ENTRY--AUTHOR NAME
Personal name Prasannakumari P
245 #0 - TITLE STATEMENT
Title Assessement of nitrogen utilization from urea applied in rubber seeding nursery using 15N tracer technique
260 ## - PUBLICATION, DISTRIBUTION, ETC. (IMPRINT)
Name of publisher Jouranl of Plantation Crops
Year of publication 2013
300 ## - PHYSICAL DESCRIPTION
Number of Pages 191-195
520 ## - SUMMARY, ETC.
Summary, etc Nitrogen uptake from urea applied to rubber seedings in the nursery was evaluated using 15N tracer methodology, in micro-plots established in the field. Effect of varying rates of N on growth, and the relative contribution of soil N and fertilizer N towards total N uptake were studied.Influence of rate of N application on growth of seedings was observed up to three months, and after six months, growth of plants was comparable for all the four N levels. The efficiency of N absorption by the plant, expressed as percentage N utilization ranged from 13.62 per cent at 125kg N ha-1 to 5.84 per cent at 500 kg N ha-1. The 15N balance sheet average over the four levels of N shows that about 9.27 per cent of applied N was taken up by rubber seedings, about 8.78 per cent remained in 0-60 cm depth of soil and about 81.95 per cent was unacconted N.
650 ## - SUBJECT ADDED ENTRY--TOPICAL TERM
Topical Term 15N labelled urea
650 ## - SUBJECT ADDED ENTRY--TOPICAL TERM
Topical Term N utilization
650 ## - SUBJECT ADDED ENTRY--TOPICAL TERM
Topical Term Nitrogen uptake
650 ## - SUBJECT ADDED ENTRY--TOPICAL TERM
Topical Term Rubber seedings
700 ## - ADDED ENTRY--PERSONAL NAME
Personal name George Sherin
700 ## - ADDED ENTRY--PERSONAL NAME
Personal name Jessy M D
700 ## - ADDED ENTRY--PERSONAL NAME
Personal name Meti Sankar
942 ## - ADDED ENTRY ELEMENTS (KOHA)
Koha item type Journals
Holdings
Withdrawn status Lost status Damaged status Not for loan Home library Current library Date acquired Serial Enumeration / chronology Koha item type
      Journals RRII Library RRII Library 28/03/2014 Volume 41, Issue 2 Journals